Alberto Giacometti

Saved in:
Bibliographic Details
Main Author: Negri, Mario (autor)
Format: Book
Language:Spanish
Published: Buenos Aires Viscontea 1980
Edition:1a. ed
Series:Los Grandes Escultores, 22
Subjects:
Tags: Add Tag
No Tags, Be the first to tag this record!

MARC

LEADER 00000cam a2200000 a 4500
001 UCV9772
003 CL-VaPUC
008 930430e19800000AG |||||||||||||||||spa|d
082 0 4 |a 730.92  |b NEG  |2 21 
100 |a Negri, Mario  |e autor  |9 303792 
245 1 0 |a Alberto Giacometti 
250 |a 1a. ed 
300 |a 16 p 
942 |c BK 
945 |d 19930430 00:00:00 
260 |a Buenos Aires  |b Viscontea  |c 1980 
600 0 7 |a GIACOMETTI, ALBERTO  |2 CL-VaPUC  |9 268709 
650 7 |a ESCULTORES SUIZOS  |2 CL-VaPUC  |9 268710 
650 7 |a EXPRESIONISMO  |2 CL-VaPUC  |9 268711 
650 0 |a Surrealismo  |9 265502 
583 |a last modification  |c 20140319 08:25:28  |k Rodrigo Vera 
490 0 |a Los Grandes Escultores, 22 
999 |c 215071  |d 215069 
952 |0 0  |1 0  |4 0  |6 730_920000000000000_NEG_1980  |7 0  |8 A  |9 199021  |a BIBARQ  |b BIBARQ  |d 2019-11-14  |i 266352K  |o 730.92 NEG 1980  |p 266352K  |r 2025-01-20  |w 2019-11-14  |y BK  |k ARQ 
952 |0 0  |1 0  |3 erb  |4 0  |6 730_920000000000000_NEG_1980  |7 0  |8 A  |9 199022  |a BIBART  |b BIBART  |i 5044073  |o 730.92 NEG 1980  |p 5044073  |r 2025-03-13  |w 2019-11-14  |y BK  |z Catalogado en:20140324  |k ART